[Event "FRA-chT1 1011"]
[Site "France"]
[Date "2010.11.13"]
[Round "2.7"]
[White "Gingene, Eric"]
[Black "Forestier, Flavien"]
[Result "0-1"]
[WhiteElo "2097"]
[BlackElo "2175"]
[PlyCount "62"]
[EventDate "2010.10.17"]
[EventType "team-tourn"]
[EventRounds "11"]
[EventCountry "FRA"]
[SourceTitle "EXT 2012"]
[Source "ChessBase"]
[SourceDate "2011.11.24"]
[SourceVersion "1"]
[SourceVersionDate "2011.11.24"]
[SourceQuality "1"]

1. d4 d5 2. c4 e6 3. Nc3 Nf6 4. Nf3 Be7 5. e3 0-0 6. Bd3 b6 7. 0-0 Bb7 8. b3 Ne4 9. Bb2 f5 10. Ne5 Nd7 11. Ne2 Nxe5 12. dxe5 Nc5 13. Nf4 Nxd3 14. Qxd3 Qd7 15. Rad1 c6 16. e4 fxe4 17. Qxe4 Rad8 18. Qf3 g5 19. cxd5 cxd5 20. Rd4 Rxf4 21. Rxf4 gxf4 22. Qxf4 Kh8 23. Rd1 Rf8 24. Qg4 Rg8 25. Qe2 Bc5 26. Kh1 Qg7 27. f3 Be7 28. Bd4 Rc8 29. g4 Bg5 30. Be3 Bxe3 31. Qxe3 Qxg4 0-1

[Event "FRA-chT2 East 0809"]
[Site "France"]
[Date "2009.03.14"]
[Round "8.5"]
[White "Gingene, Eric"]
[Black "L'Hostis, Severin"]
[Result "0-1"]
[WhiteElo "2096"]
[BlackElo "2060"]
[PlyCount "71"]
[EventDate "2008.10.19"]
[EventType "team-tourn"]
[EventRounds "11"]
[EventCountry "FRA"]
[SourceTitle "EXT 2010"]
[Source "ChessBase"]
[SourceDate "2010.11.25"]
[SourceVersion "1"]
[SourceVersionDate "2010.11.25"]
[SourceQuality "1"]
[WhiteTeam "Montrevel en Bresse"]
[BlackTeam "Mulhouse IV"]
[WhiteTeamCountry "FRA"]
[BlackTeamCountry "FRA"]

1. d4 d5 2. c4 c6 3. Nc3 Nf6 4. Nf3 dxc4 5. a4 Bf5 6. e3 e6 7. Bxc4 Bb4 8. 0-0 0-0 9. Qe2 Bg6 10. Ne5 Nbd7 11. Nd3 Be7 12. Rd1 Nb6 13. Bb3 Nbd5 14. Ne5 Bb4 15. Bd2 Qe7 16. Nxg6 hxg6 17. e4 Nc7 18. Bg5 e5 19. Qc4 Ne6 20. Bxf6 gxf6 21. d5 Nd4 22. dxc6 bxc6 23. Ne2 Bc5 24. Rac1 Rab8 25. Rc3 Rb4 26. Qd3 Rfb8 27. Nc1 Kg7 28. Kf1 a5 29. Qg3 Qa7 30. Rdd3 Be7 31. h4 Qa6 32. Ke1 c5 33. Bd5 Rxb2 34. Qg4 Qc8 35. Qg3 Qh8 36. f4 0-1

[Event "Lyon Rhone op"]
[Site "Lyon"]
[Date "2006.??.??"]
[Round "2"]
[White "Chatalbashev, Boris"]
[Black "Gingene, Eric"]
[Result "1/2-1/2"]
[WhiteElo "2488"]
[BlackElo "2080"]
[PlyCount "90"]
[EventDate "2006.04.??"]
[EventType "swiss"]
[EventRounds "9"]
[EventCountry "FRA"]
[SourceTitle "EXT 2007"]
[Source "ChessBase"]
[SourceDate "2006.11.23"]
[SourceVersion "1"]
[SourceVersionDate "2006.11.23"]
[SourceQuality "1"]

1. d4 d5 2. c4 Bf5 3. cxd5 Bxb1 4. Qa4+ c6 5. Rxb1 Qxd5 6. Nf3 Nf6 7. e3 e6 8. Bd3 Be7 9. 0-0 0-0 10. Qc2 c5 11. e4 Qh5 12. Bg5 Nc6 13. dxc5 Nb4 14. Qc4 Nxd3 15. Qxd3 Bxc5 16. Bxf6 gxf6 17. b4 Bb6 18. a4 Rfd8 19. Qc3 Qg6 20. a5 Rac8 21. Qe1 Bc7 22. Qe3 b6 23. Rbc1 bxa5 24. Qxa7 Bf4 25. Rxc8 Rxc8 26. Qd7 Rc3 27. Rd1 axb4 28. Qb7 b3 29. Nd4 Bxh2+ 30. Kf1 Rc7 31. Qxb3 Qxe4 32. g3 Qh1+ 33. Ke2 Qe4+ 34. Qe3 Qg4+ 35. Qf3 Qg5 36. Qe4 Bxg3 37. Rg1 Qh5+ 38. Kd3 Kf8 39. fxg3 Qg6 40. Qxg6 hxg6 41. g4 e5 42. Nf3 Ra7 43. Ke4 Ra4+ 44. Ke3 Ke7 45. Nd2 Ra3+ 1/2-1/2

[Event "Corsica rap op"]
[Site "Corsica"]
[Date "1997.??.??"]
[Round "1"]
[White "Gingene, Eric"]
[Black "Djuric, Stefan"]
[Result "0-1"]
[WhiteElo "2095"]
[BlackElo "2545"]
[PlyCount "86"]
[EventDate "1997.??.??"]
[EventType "swiss (rapid)"]
[EventRounds "9"]
[EventCountry "FRA"]
[SourceTitle "EXT 1999"]
[Source "ChessBase"]
[SourceDate "1998.11.16"]
[SourceVersion "1"]
[SourceVersionDate "1998.11.16"]
[SourceQuality "1"]

1. e4 c5 2. c3 d5 3. exd5 Qxd5 4. d4 Nf6 5. Nf3 Bg4 6. Be2 e6 7. 0-0 Be7 8. Na3 0-0 9. Nc2 cxd4 10. Qxd4 Nc6 11. Qxd5 Nxd5 12. Ne3 Nxe3 13. Bxe3 Ne5 14. Nxe5 Bxe2 15. Rfe1 Bb5 16. a4 Be8 17. Red1 f6 18. Nd7 Rf7 19. Nc5 Bxc5 20. Bxc5 Rc7 21. Be3 e5 22. a5 Kf7 23. Rd6 Rc4 24. f3 h5 25. Kf2 Ke7 26. Rad1 Bc6 27. R1d3 Be8 28. b3 Rxc3 29. Rxc3 Kxd6 30. Bc5+ Ke6 31. Be3 Kd7 32. Bc5 Bg6 33. Ke3 Bf5 34. f4 exf4+ 35. Kxf4 Be6 36. Rd3+ Ke8 37. b4 Kf7 38. h4 a6 39. Rd6 Re8 40. g3 Bh3 41. Be3 Re5 42. Rd4 Ke6 43. Rc4 Bg4 0-1

[Event "Lyon op"]
[Site "Lyon"]
[Date "1995.??.??"]
[Round "4"]
[White "Werner, Erwin"]
[Black "Gingene, Eric"]
[Result "1-0"]
[WhiteElo "2165"]
[BlackElo "1820"]
[PlyCount "65"]
[EventDate "1995.??.??"]
[EventType "swiss"]
[EventRounds "9"]
[EventCountry "FRA"]
[SourceTitle "EXT 1999"]
[Source "ChessBase"]
[SourceDate "1998.11.16"]
[SourceVersion "1"]
[SourceVersionDate "1998.11.16"]
[SourceQuality "1"]

1. e4 d6 2. c4 Nf6 3. Nc3 c5 4. g3 g6 5. Bg2 Nc6 6. Nge2 Bg7 7. 0-0 0-0 8. d3 a6 9. Rb1 Rb8 10. f4 Bd7 11. h3 Qc8 12. Kh2 b5 13. Ng1 Na5 14. e5 dxe5 15. fxe5 Nh5 16. Qe2 f5 17. Bf3 f4 18. gxf4 Bf5 19. Bxh5 gxh5 20. b4 cxb4 21. Nd5 Qe6 22. Rxb4 Nc6 23. Rb2 Nxe5 24. Re1 Nxd3 25. Nxe7+ Kh8 26. Qxd3 Qxe1 27. Nxf5 Qxc1 28. Rf2 bxc4 29. Qd7 Rg8 30. Ne2 Qb2 31. Nd6 h6 32. Nf7+ Kh7 33. Qf5# 1-0